[Event "Titled Tuesday intern op 16th Apr Early"]
[Site "Chess.com INT"]
[Date "2024.04.16"]
[Round "6"]
[White "Vedder, Richard"]
[Black "Aranda, Juan Manuel"]
[Result "1-0"]
[WhiteElo "2255"]
[BlackElo "2102"]
[PlyCount "35"]
[EventDate "2024.04.16"]
[EventType "swiss (blitz)"]
[EventRounds "11"]
[EventCountry "USA"]
[SourceTitle "CB17_2024"]
[SourceDate "2024.04.24"]
[SourceVersion "1"]
[SourceVersionDate "2024.04.24"]
[SourceQuality "1"]

1. d4 d6 2. e4 g6 3. Nc3 Bg7 4. Bg5 a6 5. Nf3 b5 6. Bd3 Bb7 7. Qe2 c5 8. dxc5 dxc5 9. 0-0-0 Qa5 10. Qd2 b4 11. Nd5 Qxa2 12. Nc7+ Kf8 13. Qe3 Bxb2+ 14. Kd2 Kg7 15. Qxc5 Nd7 16. Qxb4 Rb8 17. Bc4 Ba3 18. Qc3+ 1-0

[Event "Titled Tuesday intern op 26th Sep Early"]
[Site "Chess.com INT"]
[Date "2023.09.26"]
[Round "3"]
[White "Vedder, Richard"]
[Black "Dobrikov, Marco"]
[Result "0-1"]
[WhiteElo "2260"]
[BlackElo "2252"]
[PlyCount "60"]
[EventDate "2023.09.26"]
[EventType "swiss (blitz)"]
[EventRounds "11"]
[EventCountry "USA"]
[SourceTitle "EXT 2024"]
[Source "ChessBase"]
[SourceDate "2023.10.10"]
[SourceVersion "1"]
[SourceVersionDate "2023.10.10"]
[SourceQuality "1"]

1. d4 d5 2. c4 e6 3. Nc3 Nf6 4. Nf3 Be7 5. e3 0-0 6. Bd3 a6 7. cxd5 exd5 8. 0-0 Bg4 9. h3 Bh5 10. Qb3 b5 11. Ne5 Bg6 12. Bxg6 hxg6 13. f3 Bd6 14. Rd1 c6 15. Bd2 Re8 16. f4 a5 17. Rac1 a4 18. Qc2 a3 19. b3 b4 20. Na4 Ne4 21. Nxc6 Nxc6 22. Qxc6 Nxd2 23. Rxd2 Rxe3 24. Qxd5 Bxf4 25. Qxd8+ Rxd8 26. Rf1 Re4 27. Rc2 Rexd4 28. Nc5 Be3+ 29. Kh2 Rd2 30. Rxd2 Rxd2 0-1

[Event "Titled Tuesday intern op 19th Sep Early"]
[Site "Chess.com INT"]
[Date "2023.09.19"]
[Round "2"]
[White "Sokolovsky, Yahli"]
[Black "Vedder, Richard"]
[Result "0-1"]
[WhiteElo "2474"]
[BlackElo "2260"]
[PlyCount "150"]
[EventDate "2023.09.19"]
[EventType "swiss (blitz)"]
[EventRounds "11"]
[EventCountry "USA"]
[SourceTitle "EXT 2024"]
[Source "ChessBase"]
[SourceDate "2023.10.10"]
[SourceVersion "1"]
[SourceVersionDate "2023.10.10"]
[SourceQuality "1"]

1. b3 d5 2. Bb2 Bf5 3. e3 e6 4. d4 Nf6 5. Bd3 Bxd3 6. Qxd3 Be7 7. Nd2 0-0 8. Ngf3 Nbd7 9. 0-0 c5 10. Ne5 Nxe5 11. dxe5 Nd7 12. c4 Nb6 13. Qc2 dxc4 14. Nxc4 Nxc4 15. Qxc4 Qd5 16. Qc2 Rac8 17. Rfd1 Qc6 18. Rd2 Rfd8 19. Rad1 Rxd2 20. Qxd2 h5 21. Qe2 g6 22. e4 c4 23. Rc1 b5 24. g3 Qa6 25. Bd4 cxb3 26. Rxc8+ Qxc8 27. axb3 a6 28. Qd2 Qc6 29. Qd3 a5 30. Bb2 a4 31. bxa4 bxa4 32. h4 Kg7 33. Kg2 Qb6 34. Ba3 Qb3 35. Qxb3 axb3 36. Bb2 Bb4 37. Kf3 Kf8 38. Ke2 Ke7 39. f3 Kd7 40. g4 Kc6 41. gxh5 gxh5 42. f4 Be7 43. Kd3 Kb5 44. Kc3 Ka4 45. f5 Bxh4 46. Kc4 Be7 47. Kd3 Ba3 48. Bc3 b2 49. Kc2 h4 50. Be1 h3 51. Bg3 Kb4 52. Kb1 Kc4 53. Ka2 Kd3 54. fxe6 fxe6 55. Bh2 Kxe4 56. Kb1 Kf3 57. Ka2 Kg2 58. Bf4 h2 59. Bxh2 Kxh2 60. Kb1 Kg3 61. Ka2 Kf4 62. Kb1 Kxe5 63. Ka2 Kd4 64. Kb1 e5 65. Ka2 e4 66. Kb1 e3 67. Kc2 e2 68. Kd2 e1Q+ 69. Kxe1 b1Q+ 70. Ke2 Qd3+ 71. Kf2 Ke4 72. Kg2 Kf4 73. Kh2 Qe2+ 74. Kh1 Kg3 75. Kg1 Qe1# 0-1

[Event "Titled Tuesday intern op 12th Sep Early"]
[Site "Chess.com INT"]
[Date "2023.09.12"]
[Round "5"]
[White "Vedder, Richard"]
[Black "Ilkhomi, Jaloliddin"]
[Result "1/2-1/2"]
[WhiteElo "2260"]
[BlackElo "2177"]
[PlyCount "129"]
[EventDate "2023.09.12"]
[EventType "swiss (blitz)"]
[EventRounds "11"]
[EventCountry "USA"]
[SourceTitle "EXT 2024"]
[Source "ChessBase"]
[SourceDate "2023.10.10"]
[SourceVersion "1"]
[SourceVersionDate "2023.10.10"]
[SourceQuality "1"]

1. d4 Nf6 2. c4 e6 3. Nf3 b6 4. g3 Bb7 5. Bg2 Be7 6. 0-0 0-0 7. d5 exd5 8. Nh4 c6 9. cxd5 Nxd5 10. Nf5 Bf6 11. e4 Nc7 12. Nc3 d5 13. exd5 Nxd5 14. Nxd5 cxd5 15. Bf4 Qd7 16. Bh3 Qd8 17. Re1 Bc8 18. Rc1 Be6 19. Qd3 Nd7 20. Bg2 Nc5 21. Qb1 Qd7 22. Ne3 Rac8 23. h4 d4 24. Red1 Rfd8 25. Nc4 Bd5 26. Nd6 Bxg2 27. Kxg2 Rc6 28. Nf5 d3 29. Ne3 Ne4 30. Rxc6 Qxc6 31. f3 Nc5 32. b4 Ne6 33. Rxd3 Nxf4+ 34. gxf4 Bxh4 35. Nf5 Rxd3 36. Qxd3 Bf6 37. b5 Qe6 38. Ne3 Qxa2+ 39. Kg3 Qe6 40. Nd5 h5 41. f5 Qe5+ 42. f4 Qa1 43. Qe4 Qg1+ 44. Kh3 Qf1+ 45. Kh2 Qf2+ 46. Kh3 Qh4+ 47. Kg2 Qg4+ 48. Kh2 h4 49. Qe8+ Kh7 50. Nxf6+ gxf6 51. Qxf7+ Qg7 52. Qh5+ Qh6 53. Qf7+ Kh8 54. Qe8+ Kg7 55. Qe7+ Kg8 56. Qe8+ Qf8 57. Qg6+ Qg7 58. Qe8+ Kh7 59. Qh5+ Kg8 60. Qe8+ Qf8 61. Qg6+ Kh8 62. Qh5+ Kg7 63. Qg6+ Kh8 64. Qh5+ Kg8 65. Qg6+ 1/2-1/2

[Event "Titled Tuesday intern op 08th Aug Early"]
[Site "Chess.com INT"]
[Date "2023.08.08"]
[Round "8"]
[White "Vedder, Richard"]
[Black "Burmakin, Evgeniy"]
[Result "0-1"]
[WhiteElo "2260"]
[BlackElo "2179"]
[PlyCount "42"]
[EventDate "2023.08.08"]
[EventType "swiss (blitz)"]
[EventRounds "11"]
[EventCountry "USA"]
[SourceTitle "EXT 2024"]
[Source "ChessBase"]
[SourceDate "2023.10.10"]
[SourceVersion "1"]
[SourceVersionDate "2023.10.10"]
[SourceQuality "1"]

1. d4 f5 2. e4 fxe4 3. Nc3 Nf6 4. Bg5 c6 5. f3 d5 6. Bxf6 exf6 7. fxe4 Bb4 8. Bd3 0-0 9. Nge2 dxe4 10. Bxe4 f5 11. Bf3 Qh4+ 12. g3 Qh3 13. Nf4 Qh6 14. 0-0 Bd6 15. Bg2 Nd7 16. Qd3 Nf6 17. Rae1 Bd7 18. Ne6 Ng4 19. h3 Bxe6 20. hxg4 fxg4 21. d5 Bc5+ 0-1

[Event "Titled Tuesday intern op 08th Aug Early"]
[Site "Chess.com INT"]
[Date "2023.08.08"]
[Round "4"]
[White "Yuruultei, Batbaatar"]
[Black "Vedder, Richard"]
[Result "1-0"]
[WhiteElo "1433"]
[BlackElo "2260"]
[PlyCount "45"]
[EventDate "2023.08.08"]
[EventType "swiss (blitz)"]
[EventRounds "11"]
[EventCountry "USA"]
[SourceTitle "EXT 2024"]
[Source "ChessBase"]
[SourceDate "2023.10.10"]
[SourceVersion "1"]
[SourceVersionDate "2023.10.10"]
[SourceQuality "1"]

1. d4 d5 2. c4 dxc4 3. Nf3 c5 4. e3 e6 5. Bxc4 Nc6 6. 0-0 Nf6 7. Nc3 cxd4 8. exd4 Be7 9. Bg5 0-0 10. a3 Na5 11. Ba2 b6 12. Qd3 Bb7 13. Ne5 Nd5 14. Bxd5 Bxg5 15. Bxb7 Nxb7 16. Rfd1 Qd6 17. Ne4 Qe7 18. Nc6 Qe8 19. Nxg5 f5 20. Rac1 Nd6 21. d5 e5 22. Ne6 Rf6 23. Nxe5 1-0

[Event "Spakenburg FishPartners op"]
[Site "Spakenburg"]
[Date "2023.07.08"]
[Round "5"]
[White "Vedder, Richard"]
[Black "Haque, Nishaaz"]
[Result "1-0"]
[WhiteElo "2260"]
[BlackElo "1693"]
[PlyCount "83"]
[EventDate "2023.07.08"]
[EventType "swiss (rapid)"]
[EventRounds "7"]
[EventCountry "NED"]
[SourceTitle "CBM 215 Extra"]
[Source "ChessBase"]
[SourceDate "2023.09.30"]
[SourceVersion "1"]
[SourceVersionDate "2023.09.30"]
[SourceQuality "1"]

1. d4 Nf6 2. c4 e6 3. Nc3 Bb4 4. f3 d5 5. a3 Be7 6. Bg5 c5 7. cxd5 Nxd5 8. Bxe7 Qxe7 9. Nxd5 exd5 10. dxc5 Be6 11. Rc1 0-0 12. e3 a5 13. Bd3 Nd7 14. Ne2 Nxc5 15. Bxh7+ Kxh7 16. Qc2+ Ne4 17. fxe4 Qh4+ 18. g3 Qxe4 19. 0-0 Qxc2 20. Rxc2 Rac8 21. Rfc1 Rxc2 22. Rxc2 Rc8 23. Rxc8 Bxc8 24. Kf2 Be6 25. Kf3 Kg6 26. Kf4 Kf6 27. h4 Ke7 28. Ke5 f6+ 29. Kd4 Kd6 30. Nc3 b6 31. Ne2 Bf7 32. Nf4 Bg8 33. Nh5 Bh7 34. Nxg7 Bg8 35. g4 Bf7 36. Nf5+ Ke6 37. Ng3 Bg8 38. Ne2 Kd6 39. Nf4 Bf7 40. h5 Bg8 41. h6 b5 42. Nxd5 1-0

[Event "Titled Tuesday intern op 02nd May Early"]
[Site "Chess.com INT"]
[Date "2023.05.02"]
[Round "3"]
[White "Ruge, Edison"]
[Black "Vedder, Richard"]
[Result "0-1"]
[WhiteElo "2201"]
[BlackElo "2260"]
[PlyCount "108"]
[EventDate "2023.05.02"]
[EventType "swiss (blitz)"]
[EventRounds "11"]
[EventCountry "USA"]
[SourceTitle "EXT 2024"]
[Source "ChessBase"]
[SourceDate "2023.10.10"]
[SourceVersion "1"]
[SourceVersionDate "2023.10.10"]
[SourceQuality "1"]

1. e4 e5 2. Nf3 Nc6 3. Bb5 a6 4. Ba4 Nf6 5. Qe2 d6 6. h3 g6 7. Bxc6+ bxc6 8. d4 exd4 9. Nxd4 Bd7 10. e5 dxe5 11. Qxe5+ Qe7 12. Qxe7+ Bxe7 13. 0-0 0-0 14. Bg5 Kg7 15. Re1 Bd6 16. Nc3 Rfe8 17. Nb3 h6 18. Bd2 Nd5 19. Ne4 Bf8 20. Nec5 Bf5 21. c4 Nb6 22. Rac1 Red8 23. Bc3+ Kg8 24. Nb7 Re8 25. N7a5 c5 26. Nb7 Na4 27. Bf6 Rab8 28. N7a5 Bd3 29. Nc6 Ra8 30. Ne7+ Kh7 31. Nd5 Rxe1+ 32. Rxe1 Bxc4 33. Nxc7 Rc8 34. Re8 Rxe8 35. Nxe8 g5 36. Nc7 Kg6 37. Be5 f6 38. Bc3 Bd6 39. Na8 Be5 40. Bxe5 fxe5 41. Na5 Bxa2 42. b3 Nc3 43. Nc7 Ne2+ 44. Kh2 Nc1 45. Nxa6 Nxb3 46. Nxb3 Bxb3 47. Nxc5 Bd5 48. f3 Kf5 49. Kg3 h5 50. Kf2 h4 51. Ke3 Ba8 52. Ne4 Bd5 53. Nf2 Bc4 54. Ne4 Bf1 0-1

[Event "Titled Tuesday intern op 02nd May Early"]
[Site "Chess.com INT"]
[Date "2023.05.02"]
[Round "5"]
[White "Vedder, Richard"]
[Black "Budrewicz, Krzysztof"]
[Result "0-1"]
[WhiteElo "2260"]
[BlackElo "2184"]
[PlyCount "116"]
[EventDate "2023.05.02"]
[EventType "swiss (blitz)"]
[EventRounds "11"]
[EventCountry "USA"]
[SourceTitle "EXT 2024"]
[Source "ChessBase"]
[SourceDate "2023.10.10"]
[SourceVersion "1"]
[SourceVersionDate "2023.10.10"]
[SourceQuality "1"]

1. d4 Nf6 2. c4 g6 3. Nc3 Bg7 4. e4 0-0 5. Nf3 d6 6. Be2 Nbd7 7. 0-0 e5 8. d5 Nc5 9. Qc2 a5 10. Bg5 h6 11. Be3 b6 12. Nd2 Bd7 13. b3 Ng4 14. Bxg4 Bxg4 15. a3 Bc8 16. b4 Nd7 17. Nb3 f5 18. f3 Nf6 19. c5 axb4 20. axb4 Rxa1 21. Rxa1 fxe4 22. fxe4 Ng4 23. Qe2 bxc5 24. bxc5 Qh4 25. h3 Nxe3 26. Qxe3 h5 27. c6 Bf6 28. Rf1 Bg5 29. Rxf8+ Kxf8 30. Qf2+ Qxf2+ 31. Kxf2 Ke7 32. Na5 Ba6 33. Nd1 Bd2 34. Nb7 h4 35. Ne3 Bxe3+ 36. Kxe3 Kf6 37. Kf3 Kg5 38. Nd8 Bc8 39. g4 Kf6 40. Nb7 Ke7 41. Na5 Ba6 42. Nb3 Bf1 43. Nd2 Bxh3 44. g5 Bc8 45. Nf1 Ba6 46. Nd2 Bc8 47. Nf1 Bh3 48. Nd2 Kd8 49. Nc4 Kc8 50. Nd2 Kb8 51. Nc4 Ka7 52. Nd2 Kb6 53. Nc4+ Kb5 54. Ne3 Kc5 55. Nc2 Bf1 56. Ne3 Bd3 57. Nd1 Kd4 58. Nf2 Bc2 0-1

[Event "Titled Tuesday intern op 02nd May Early"]
[Site "Chess.com INT"]
[Date "2023.05.02"]
[Round "4"]
[White "Vedder, Richard"]
[Black "Pham, Le Thao Nguyen"]
[Result "1-0"]
[WhiteElo "2260"]
[BlackElo "2369"]
[PlyCount "107"]
[EventDate "2023.05.02"]
[EventType "swiss (blitz)"]
[EventRounds "11"]
[EventCountry "USA"]
[SourceTitle "EXT 2024"]
[Source "ChessBase"]
[SourceDate "2023.10.10"]
[SourceVersion "1"]
[SourceVersionDate "2023.10.10"]
[SourceQuality "1"]

1. d4 d5 2. c4 c6 3. Nc3 Nf6 4. Nf3 a6 5. Bg5 dxc4 6. e4 b5 7. e5 Nd5 8. Ne4 f6 9. Bd2 Bf5 10. Ng3 e6 11. Nxf5 exf5 12. Be2 Be7 13. 0-0 0-0 14. Qc2 Qc8 15. b3 cxb3 16. axb3 fxe5 17. Nxe5 Bd6 18. Rfc1 Bxe5 19. dxe5 Qe6 20. f4 Rc8 21. Bd3 Ne7 22. Bb4 c5 23. Bxc5 Nd7 24. b4 Nxc5 25. bxc5 g6 26. Qf2 Kg7 27. h4 Nc6 28. h5 Rd8 29. Bf1 gxh5 30. Qh4 Qg6 31. Be2 Nd4 32. Bxh5 Qh6 33. Qg3+ Kh8 34. Bd1 Rg8 35. Qf2 Rad8 36. c6 Nxc6 37. Rxa6 Rg6 38. Qb2 Nd4 39. Rxg6 Qxg6 40. Rc7 Qe6 41. Qb4 Qb6 42. Qc5 Qxc5 43. Rxc5 Rb8 44. Rd5 Ne6 45. g3 b4 46. Bb3 Rc8 47. Rb5 Nd4 48. Rxb4 Rc3 49. Rxd4 Rxg3+ 50. Kf2 Rxb3 51. Rd6 Rb2+ 52. Kg3 Rb3+ 53. Kh4 Kg7 54. Kg5 1-0

[Event "Titled Tuesday intern op 28th Mar Late"]
[Site "Chess.com INT"]
[Date "2023.03.28"]
[Round "5"]
[White "Fajdetic, Hrvoje"]
[Black "Vedder, Richard"]
[Result "1/2-1/2"]
[WhiteElo "2151"]
[BlackElo "2251"]
[PlyCount "114"]
[EventDate "2023.03.28"]
[EventType "swiss (blitz)"]
[EventRounds "11"]
[EventCountry "USA"]
[SourceTitle "EXT 2024"]
[Source "ChessBase"]
[SourceDate "2023.10.10"]
[SourceVersion "1"]
[SourceVersionDate "2023.10.10"]
[SourceQuality "1"]

1. f4 Nh6 2. e4 d5 3. d3 dxe4 4. dxe4 Qxd1+ 5. Kxd1 e5 6. f5 Ng4 7. Nh3 Bc5 8. Be2 Nf6 9. Bf3 0-0 10. Nc3 Nc6 11. Na4 Rd8+ 12. Ke1 Be7 13. Be3 Nd4 14. Rc1 Bd7 15. Nc3 Bc6 16. Nf2 Rd7 17. Ne2 Rad8 18. c3 Nxf3+ 19. gxf3 Bb5 20. Rd1 a5 21. Rxd7 Rxd7 22. Nd1 a4 23. b3 Nh5 24. c4 Bb4+ 25. Kf2 Bc6 26. Ndc3 Nf4 27. Bxf4 exf4 28. Rd1 Rxd1 29. Nxd1 axb3 30. axb3 Bd2 31. Ndc3 g5 32. fxg6 hxg6 33. Nd5 Bxd5 34. cxd5 Kf8 35. Kf1 Ke7 36. Nd4 Kd6 37. Nb5+ Kd7 38. Ke2 Be3 39. Kd3 c6 40. dxc6+ bxc6 41. Nd4 Kd6 42. h3 Kc5 43. Nc2 Bc1 44. b4+ Kd6 45. Kc4 Bd2 46. b5 cxb5+ 47. Kxb5 Ke5 48. Kc4 f5 49. exf5 Kxf5 50. Kd5 Kg5 51. Nd4 Kh4 52. Ke4 Kxh3 53. Ne6 Kg3 54. Ng5 Ba5 55. Ne6 Bd2 56. Ng5 Bc1 57. Ne6 Bd2 1/2-1/2

[Event "Titled Tuesday intern op 28th Mar Late"]
[Site "Chess.com INT"]
[Date "2023.03.28"]
[Round "3"]
[White "Feng, Eric1111"]
[Black "Vedder, Richard"]
[Result "1-0"]
[WhiteElo "1961"]
[BlackElo "2251"]
[PlyCount "77"]
[EventDate "2023.03.28"]
[EventType "swiss (blitz)"]
[EventRounds "11"]
[EventCountry "USA"]
[SourceTitle "EXT 2024"]
[Source "ChessBase"]
[SourceDate "2023.10.10"]
[SourceVersion "1"]
[SourceVersionDate "2023.10.10"]
[SourceQuality "1"]

1. d4 d5 2. c4 dxc4 3. Nf3 Nf6 4. e3 e6 5. Bxc4 c5 6. 0-0 Nc6 7. Nc3 cxd4 8. exd4 Be7 9. d5 exd5 10. Nxd5 Nxd5 11. Bxd5 0-0 12. Bf4 Bg4 13. h3 Bh5 14. Bxc6 bxc6 15. Qxd8 Rfxd8 16. Ne5 Rac8 17. Rac1 c5 18. Rfe1 Bf6 19. Nc4 Bd4 20. b3 Re8 21. Nd6 Rxe1+ 22. Rxe1 Rd8 23. Nf5 Bg6 24. Ne7+ Kf8 25. Nc6 Rd7 26. Bb8 a6 27. Ba7 f6 28. Bb8 Bd3 29. Bg3 Kf7 30. Nb8 Re7 31. Rd1 Be2 32. Rd2 Bb5 33. a4 Re1+ 34. Kh2 Bf1 35. Nc6 Re2 36. Rd1 Bxf2 37. Rxf1 Bxg3+ 38. Kxg3 Re6 39. Nd8+ 1-0

[Event "Titled Tuesday intern op 28th Mar Late"]
[Site "Chess.com INT"]
[Date "2023.03.28"]
[Round "1"]
[White "Vedder, Richard"]
[Black "Gorodetzky, David"]
[Result "0-1"]
[WhiteElo "2251"]
[BlackElo "2488"]
[PlyCount "96"]
[EventDate "2023.03.28"]
[EventType "swiss (blitz)"]
[EventRounds "11"]
[EventCountry "USA"]
[SourceTitle "EXT 2024"]
[Source "ChessBase"]
[SourceDate "2023.10.10"]
[SourceVersion "1"]
[SourceVersionDate "2023.10.10"]
[SourceQuality "1"]

1. d4 d5 2. c4 e6 3. Nc3 Bb4 4. a3 Bxc3+ 5. bxc3 Nf6 6. f3 0-0 7. e3 b6 8. cxd5 exd5 9. Ra2 c5 10. Ne2 Ba6 11. Ng3 Bxf1 12. Nxf1 Nc6 13. Ng3 Re8 14. 0-0 Na5 15. Re2 h5 16. e4 dxe4 17. fxe4 h4 18. e5 hxg3 19. exf6 gxh2+ 20. Kh1 cxd4 21. fxg7 Qd5 22. Ref2 Re6 23. Rxf7 Rg6 24. Qf3 Qxf3 25. R7xf3 Rxg7 26. cxd4 Rd8 27. Bh6 Rg6 28. Rf8+ Rxf8 29. Rxf8+ Kh7 30. Be3 Re6 31. Bf2 Kg7 32. Ra8 Re7 33. Kxh2 Nc4 34. a4 Nb2 35. a5 bxa5 36. d5 Nc4 37. Rxa7 Kf7 38. Ra6 Re2 39. Bc5 Re5 40. Ra7+ Ke8 41. Ra8+ Kd7 42. Ra7+ Kc8 43. Ra8+ Kb7 44. Ra7+ Kb8 45. Rxa5 Rh5+ 46. Kg3 Nxa5 47. Bd6+ Kc8 48. Bb4 Rxd5 0-1

[Event "Titled Tuesday intern op 28th Mar Early"]
[Site "Chess.com INT"]
[Date "2023.03.28"]
[Round "1"]
[White "Vedder, Richard"]
[Black "Mahdavi, Reza"]
[Result "0-1"]
[WhiteElo "2251"]
[BlackElo "2324"]
[PlyCount "152"]
[EventDate "2023.03.28"]
[EventType "swiss (blitz)"]
[EventRounds "11"]
[EventCountry "USA"]
[SourceTitle "EXT 2024"]
[Source "ChessBase"]
[SourceDate "2023.10.10"]
[SourceVersion "1"]
[SourceVersionDate "2023.10.10"]
[SourceQuality "1"]

1. d4 Nf6 2. c4 g6 3. Nc3 Bg7 4. e4 d6 5. Nf3 0-0 6. Be2 Nbd7 7. 0-0 e5 8. d5 Nc5 9. Qc2 a5 10. Bg5 h6 11. Be3 b6 12. Nd2 Ng4 13. Bxg4 Bxg4 14. f3 Bd7 15. b3 f5 16. a3 f4 17. Bf2 g5 18. b4 Nb7 19. Rab1 axb4 20. axb4 g4 21. fxg4 Bxg4 22. Nf3 Qd7 23. Nh4 Bf6 24. Nf5 Kh7 25. h3 Bh5 26. Kh2 Bg6 27. g4 fxg3+ 28. Bxg3 Rf7 29. Rf2 Raf8 30. Rbf1 Bg5 31. Nh4 Rxf2+ 32. Rxf2 Rxf2+ 33. Qxf2 Nd8 34. Nxg6 Kxg6 35. h4 Be7 36. Qf3 h5 37. Nd1 Nf7 38. Ne3 Nh6 39. Bf2 Qa4 40. b5 Qa2 41. Nf5 Ng4+ 42. Kg3 Bf6 43. Bg1 Qxc4 44. Ne3 Qc1 45. Qf5+ Kg7 46. Qd7+ Kf8 47. Qc8+ Kf7 48. Qd7+ Be7 49. Qe6+ Kf8 50. Qc8+ Kg7 51. Nf5+ Kh7 52. Bxb6 Qf4+ 53. Kg2 Qxe4+ 54. Kf1 cxb6 55. Nxe7 Qh1+ 56. Ke2 Qg2+ 57. Kd3 Qf3+ 58. Kc2 Ne3+ 59. Kb2 Qf2+ 60. Kb1 Qg1+ 61. Kb2 Qf2+ 62. Kb1 Qf1+ 63. Kb2 Qxb5+ 64. Kc1 Qc4+ 65. Qxc4 Nxc4 66. Nf5 Kg6 67. Ne7+ Kf6 68. Nc6 Ne3 69. Nb4 Nf5 70. Kd2 Nxh4 71. Ke3 Ng6 72. Ke4 h4 73. Kf3 Kf5 74. Nc2 e4+ 75. Kg2 Nf4+ 76. Kf2 Nxd5 0-1

[Event "Titled Tuesday intern op 28th Mar Early"]
[Site "Chess.com INT"]
[Date "2023.03.28"]
[Round "2"]
[White "Zhao, Jun"]
[Black "Vedder, Richard"]
[Result "1-0"]
[WhiteElo "2591"]
[BlackElo "2251"]
[PlyCount "33"]
[EventDate "2023.03.28"]
[EventType "swiss (blitz)"]
[EventRounds "11"]
[EventCountry "USA"]
[SourceTitle "EXT 2024"]
[Source "ChessBase"]
[SourceDate "2023.10.10"]
[SourceVersion "1"]
[SourceVersionDate "2023.10.10"]
[SourceQuality "1"]

1. c4 e5 2. Nc3 Nf6 3. g3 c6 4. d4 d6 5. Nf3 Nbd7 6. Bg2 g6 7. 0-0 Bg7 8. e4 0-0 9. Qc2 Qc7 10. b3 a5 11. Ba3 Re8 12. Rad1 exd4 13. Nxd4 Nc5 14. Ndb5 cxb5 15. Nxb5 Qb8 16. Nxd6 Ne6 17. e5 1-0

[Event "Titled Tuesday intern op 13th Dec Late"]
[Site "Chess.com INT"]
[Date "2022.12.13"]
[Round "1"]
[White "Pakleza, Zbigniew"]
[Black "Vedder, Richard"]
[Result "1-0"]
[WhiteElo "2496"]
[BlackElo "2255"]
[PlyCount "147"]
[EventDate "2022.12.13"]
[EventType "swiss (blitz)"]
[EventRounds "11"]
[EventCountry "USA"]
[SourceTitle "EXT 2024"]
[Source "ChessBase"]
[SourceDate "2023.10.10"]
[SourceVersion "1"]
[SourceVersionDate "2023.10.10"]
[SourceQuality "1"]

1. d4 d5 2. Bf4 c5 3. c3 cxd4 4. cxd4 Nc6 5. e3 e6 6. Nc3 Nf6 7. Nf3 Bd6 8. Bg3 0-0 9. Bd3 a6 10. Rc1 Qe7 11. Ne5 Bxe5 12. dxe5 Nd7 13. f4 f5 14. exf6 Qxf6 15. 0-0 Ne7 16. e4 dxe4 17. Nxe4 Qh6 18. Bb1 Nf6 19. Ng5 Nf5 20. Bf2 Nd5 21. Qd2 Bd7 22. g4 Nh4 23. Bg3 g6 24. Rce1 Rae8 25. a3 Nf6 26. h3 Bc6 27. Ba2 Bd5 28. Bxd5 exd5 29. Ne6 Rf7 30. g5 Qh5 31. Bxh4 Qxh4 32. gxf6 Rxf6 33. Ng5 Rxe1 34. Qxe1 Rxf4 35. Qxh4 Rxh4 36. Kg2 Rd4 37. Rf2 Rd3 38. Ne6 h6 39. Nf4 Rb3 40. Nxd5 Kg7 41. Ne7 h5 42. Nd5 g5 43. Nc3 Kg6 44. Ne4 Re3 45. Nc5 b6 46. Nxa6 g4 47. hxg4 hxg4 48. Nb4 Rb3 49. Nd5 Kg5 50. Nc3 Kh4 51. Rd2 b5 52. Nd5 Rh3 53. Nf4 Rb3 54. Ne2 Re3 55. Rc2 Rd3 56. Rc1 Rd2 57. Kf1 Rxb2 58. Rc8 g3 59. Rh8+ Kg4 60. Rg8+ Kh3 61. Rxg3+ Kh4 62. Rd3 Kg4 63. Kf2 Rc2 64. Rd4+ Kf5 65. Rb4 Rc5 66. Rxb5 Rxb5 67. Nd4+ Ke4 68. Nxb5 Kd5 69. Nc3+ Kc4 70. Nb1 Kb3 71. Ke2 Kb2 72. a4 Kb3 73. a5 Kb4 74. a6 1-0

[Event "Titled Tuesday intern op 13th Dec Late"]
[Site "Chess.com INT"]
[Date "2022.12.13"]
[Round "4"]
[White "Vedder, Richard"]
[Black "Gritsenko, Nikolai"]
[Result "0-1"]
[WhiteElo "2255"]
[BlackElo "2309"]
[PlyCount "52"]
[EventDate "2022.12.13"]
[EventType "swiss (blitz)"]
[EventRounds "11"]
[EventCountry "USA"]
[SourceTitle "EXT 2024"]
[Source "ChessBase"]
[SourceDate "2023.10.10"]
[SourceVersion "1"]
[SourceVersionDate "2023.10.10"]
[SourceQuality "1"]

1. d4 d5 2. c4 Nc6 3. cxd5 Qxd5 4. e3 e5 5. Nc3 Bb4 6. Bd2 Bxc3 7. bxc3 Qd6 8. Bc4 Nge7 9. Ne2 0-0 10. 0-0 Be6 11. Bxe6 Qxe6 12. Ng3 f5 13. Qb3 Qxb3 14. axb3 a6 15. f4 exd4 16. exd4 g6 17. Rfe1 Kf7 18. Re2 Rae8 19. Rae1 Nc8 20. Rxe8 Rxe8 21. Rxe8 Kxe8 22. d5 Na5 23. b4 Nc4 24. Bc1 N8b6 25. Nf1 Nxd5 26. g3 Nxc3 0-1